A daughter for a fortnight /

Saved in:
Bibliografiske detaljer
Hovedforfatter: Henrey, Robert, Mrs., 1906-
Format: Bog
Sprog:English
Udgivet: London : Dent, 1957.
LEADER 00725nam a2200193 i 4500
001 c000001176
003 CARM
005 00000000000000.0
008 810708s1957 k 00001 eng d
019 1 |a 2561450  |z 28031012  |z 55552454  |5 LACONCORD2021 
035 |a (OCoLC)1953955  |5 LACONCORD2021 
100 1 |a Henrey, Robert,  |c Mrs.,  |d 1906- 
245 1 2 |a A daughter for a fortnight /  |c by Mrs Robert Henrey. 
260 |a London :  |b Dent,  |c 1957. 
300 |a 202 p. ;  |c 22 cm. 
852 8 |b CARM  |h A2:AG35B0  |i B02871  |p 0135029  |f BK 
082 0 4 |a 823/.914  |2 19 
999 f f |i abd4702c-32a9-53d1-aa4a-8f8b58a381a4  |s f4544e1e-b19b-5476-b408-e76f477720b0 
952 f f |p Can circulate  |a CAVAL  |b CAVAL  |c CAVAL  |d CARM 1 Store  |e B02871  |f A2:AG35B0  |h Other scheme  |i book  |m 0135029